| 000 | 00000nam##2200000za#4500 |
| 001 | 9.644392 |
| 003 | CaOODSP |
| 005 | 20210624224623 |
| 007 | cr ||||||||||| |
| 008 | 150407|2001||||xxc|||||o f|0| 0 fre|d |
| 040 | |aCaOODSP|bfre |
| 043 | |an-cn--- |
| 086 | 1 |aR2-195/2002-1F-PDF |
| 110 | 1 |aCanada.|bAffaires indiennes et du Nord. |
| 245 | 10|aEntente définitive du Conseil dés Ta'an Kwach'an conclue par le gouvernement du Canada, le Conseil des Ta'an Kwach'an et le gouvernement du Yukon |h[ressource électronique] |
| 260 | |aOttawa - Ontario : |bAffaires indiennes et du Nord |c2001. |
| 300 | |a518p. |
| 500 | |aLe n° de catalogue (R2-195/2002-1F) et l'ISBN (0-662-86702-5) de l'édition imprimée ont été incorrectement copiés dans l'édition électronique. |
| 590 | |a15-05-Supp|b2015-03-31 |
| 691 | 07|aDroits des autochtones|2gcpds |
| 775 | 08|tThe Ta'an Kwach'an Council Final Agreement among the Government of Canada, the Ta'an Kwach'an Council and the Government of the Yukon |w(CaOODSP)9.700508 |
| 856 | 40|ahttp://publications.gc.ca|qPDF|s1.48 Mo|uhttps://publications.gc.ca/collections/collection_2015/aadnc-aandc/R2-195-2002-1-fra.pdf |
| 986 | |aQS-5363-000-FF-A1 |